Trois étapes d'art en Égypte; l'empire pharaonique, l'école d'Alexandrie le khalifat arabe /

Saved in:

Main Author: Gayet, Al. 1856-1916 (Author)

Format: Book

Language: French

Published: Paris : Plon-Nourrit et cie, 1909.

Subjects:

Tags: Add Tag

No Tags, Be the first to tag this record!

Call Number: N5350 .G28 1909

LEADER 00786namaa2200241 4500
001 24228
003 OSt
005 20250820123732.0
008 130303s1909 fr b 000 0 fre d
040 |c ARCE Library 
043 |a f-ua--- 
050 4 |a N5350 .G28 1909 
100 1 |a Gayet, Al.   |q (Albert),   |d 1856-1916,   |e author  |9 30552 
245 1 0 |a Trois étapes d'art en Égypte;   |b l'empire pharaonique, l'école d'Alexandrie le khalifat arabe /   |c Albert Gayet. 
264 1 |a Paris :   |b Plon-Nourrit et cie,   |c 1909. 
300 |a 2 preliminary leaves, xvi, 330, [1] pages ;   |c 19 cm. 
504 |a Bibliography : pages 323-329. 
650 0 |a Art  |z Egypt  |x History. 
650 0 |a Art  |z Egypt  |z Alexandria. 
651 0 |a Egypt  |x Antiquities. 
901 |a reviewed 
942 |c BK  |2 lcc 
999 |c 27898  |d 27898